Gaming Quiz

Random Gaming or Video Games Quiz
Score 0/107 Timer 10:00
11 Plays Today
Categories % Correct
SkillsOne-Handed
84.5%
SkillsTwo-Handed
84.4%
RacesNord
81.6%
SkillsArchery
81.4%
SkillsDestruction
81.4%
RacesImperial
81.2%
SkillsSneak
79.8%
RacesDunmer
79.8%
CitiesWhiterun
78.4%
RacesOrsimer
78%
RacesAltmer
78%
RacesBosmer
77.7%
Joinable FactionsThe Dark Brotherhood
76.9%
SkillsAlchemy
76.8%
Joinable FactionsThieves Guild
76.6%
SkillsHeavy Armor
76%
SkillsLight Armor
75.9%
CitiesWinterhold
75.5%
Heavy ArmorSteel
74.6%
RacesArgonian
74.4%
Heavy ArmorIron
73.5%
CitiesSolitude
73.3%
SkillsSmithing
73.3%
SkillsAlteration
72.6%
SkillsIllusion
72.5%
SkillsConjuration
72.4%
SkillsRestoration
72.1%
CitiesRiften
72%
SkillsLockpicking
72%
SkillsBlock
71.7%
Joinable FactionsThe Companions
71.2%
Light ArmorLeather
71%
SkillsPickpocket
69.9%
SkillsEnchanting
69.8%
Dragon ShoutsUnrelenting Force
69.4%
CitiesMarkarth
69%
Categories % Correct
CitiesWindhelm
68.8%
Light ArmorGlass
68.7%
RacesBreton
68.5%
RacesRedguard
68.1%
Heavy ArmorDaedric
67.7%
SkillsSpeech
67.1%
RacesKhajiit
66.7%
CitiesFalkreath
65.2%
CitiesDawnstar
63.9%
Light ArmorElven
63.8%
Joinable FactionsThe College of Winterhold
62.5%
Heavy ArmorEbony
61.4%
Joinable FactionsStormcloaks
60.9%
Heavy ArmorDwarven
59.7%
Dragon ShoutsFire Breath
59.5%
Nine DivinesTalos
59.2%
CitiesMorthal
58.2%
Light ArmorDragon Scale
56.8%
Heavy ArmorOrcish
54.1%
Dragon ShoutsWhirlwind Sprint
51.8%
Nine DivinesMara
48.6%
Daedric PrincesMolag Bal
47.9%
Daedric PrincesAzura
47.9%
Light ArmorHide
47.4%
Nine DivinesAkatosh
46.1%
Dragon ShoutsFrost Breath
44.9%
Daedric PrincesSheogorath
44.5%
Joinable FactionsImperial Legion
43.8%
Joinable FactionsThe Bards College
43.2%
Light ArmorFur
41.3%
Heavy ArmorDragonplate
39.7%
Daedric PrincesMehrunes Dagon
39.2%
Joinable FactionsThe Blades
38.5%
Dragon ShoutsDragonrend
38.2%
Nine DivinesDibella
37.5%
Dragon ShoutsIce Form
37.2%
Categories % Correct
Daedric PrincesMeridia
34.1%
Heavy ArmorSteel Plate
33.5%
Nine DivinesKynareth
32.8%
Daedric PrincesBoethiah
32.3%
Daedric PrincesHircine
31.9%
Light ArmorStudded
31.6%
Daedric PrincesClavicus Vile
31.5%
Nine DivinesArkay
31.1%
Daedric PrincesSanguine
30.5%
Daedric PrincesNocturnal
30.5%
Nine DivinesStendarr
30.1%
Nine DivinesJulianos
29.9%
Dragon ShoutsBecome Ethereal
29.3%
Dragon ShoutsCall Dragon
29.3%
Dragon ShoutsSlow Time
28.9%
Daedric PrincesMalacath
28.6%
Dragon ShoutsMarked for Death
28.3%
Nine DivinesZenithar
27.2%
Joinable FactionsGreybeards
27%
Dragon ShoutsClear Skies
26.7%
Daedric PrincesNamira
26.5%
Dragon ShoutsStorm Call
26%
Light ArmorScaled
26%
Daedric PrincesHermaeus Mora
25%
Daedric PrincesPeryite
24.6%
Dragon ShoutsDisarm
23.3%
Daedric PrincesMephala
22.8%
Dragon ShoutsKyne's Peace
22.7%
Daedric PrincesVaermina
22.7%
Dragon ShoutsAura Whisper
21.9%
Dragon ShoutsThrow Voice
21.5%
Dragon ShoutsAnimal Allegiance
20.6%
Dragon ShoutsCall of Valor
18.3%
Dragon ShoutsElemental Fury
17.1%
Dragon ShoutsDismay
16.4%

You're not logged in!

Compare scores with friends on all Sporcle quizzes.
OR
Log In

Sporcle TV

Today on Sporcle TV


Watch our educational content, quiz creation guides, and fun videos on Sporcle TV.

Show Comments

Extras

Top Quizzes Today


Score Distribution

Paid Content

Your Account Isn't Verified!

In order to create a playlist on Sporcle, you need to verify the email address you used during registration. Go to your Sporcle Settings to finish the process.

Report this User

Report this user for behavior that violates our Community Guidelines.

Details: